| 000 | 00505nam a2200193 i 4500 | ||
|---|---|---|---|
| 001 | bg | ||
| 245 | 0 |
_aFizika plazmy / _c[Red. C. D. Doladze, D. G. Lominadze]. |
|
| 260 |
_aTbilisi : _bIzdat. "Micniereba", _c1975. |
||
| 300 | _as. 195, nlb. 1. | ||
| 500 | _a[Alf. ros.]. | ||
| 504 | _a[Zawiera bibliogr.]. | ||
| 700 | 1 |
_aDOLADZE, C. D. _eRed. |
|
| 700 | 1 |
_aLOMINADZE, D. G. _eRed. |
|
| 040 | _cBPK | ||
| 041 | _apol | ||
| 080 | _a533.9 | ||
| 942 | _cKS | ||
| 008 | s pl f |000 0 pol | ||
| 999 |
_c16405 _d16405 |
||
| 856 |
_uhttp://koha.tu.koszalin.pl/cgi-bin/koha/opac-detail.pl?biblionumber=16405 _yKatalog online BPK |
||